| 000 | 00346nam a2200133Ia 4500 | ||
|---|---|---|---|
| 008 | 240624s9999 xx 000 0 und d | ||
| 041 | _aeng | ||
| 082 | _a658 BRA | ||
| 100 | _aBRADLEY STEPHEN P | ||
| 245 | _aSENSE AND RESPOND CAPTURING VALUE IN THE | ||
| 260 |
_c1998 _aBoston _bHarvard Business Press Books |
||
| 300 | _a352 : p. | ||
| 365 | _cRS | ||
| 999 |
_c21600 _d21600 |
||